Jingle Bells Lyrics - Statistics

General Stats
  • This quiz has been taken 144 times
  • The average score is 22 of 24
Answer Stats
Lyrics % Correct
Jingle all the {way}!
100%
Jingle all the {way}!
100%
Jingle all the {way}!
100%
Jingle all the {way}!
100%
Dashing through the {snow},
97%
In a one-horse open {sleigh}.
95%
In a one-horse open {sleigh}.
95%
In a one-horse open {sleigh},
95%
In a one-horse open {sleigh}.
95%
In a one-horse open {sleigh}, hey!
95%
Jingle {Bells}, Jingle {Bells},
95%
Jingle {Bells}, Jingle {Bells},
95%
Jingle {Bells}, Jingle {Bells},
95%
Oh, Jingle {Bells}, Jingle {Bells},
95%
Oh what {fun} it is to ride
95%
Oh what {fun} it is to ride
95%
Oh what {fun} it is to ride
95%
Oh what {fun} it is to ride
95%
{Laughing} all the way.
91%
Bells on bob-tail {ring},
83%
What fun it is to ride and {sing}
83%
A sleighing {song} tonight.
80%
Making spirits {bright},
78%
Through the {fields} we go,
73%
No matching quizzes found
Score Distribution
Percent of People with Each Score
Percentile by Number Answered
Your Score History
You have not taken this quiz